A panegyrick upon the mysterious art of malting and brewing. By Ja. Donaldson.

Bibliographic Details
Main Author: Donaldson, James, active 1697-1713
Format: eBook
Language:English
Series:Eighteenth century collections online.
Online Access:Full text online

MARC

Tag First Indicator Second Indicator Subfields
LEADER 00000cam a2200000 4500
001 in00001925252
006 m | d |
007 cr |n||||||||n
008 800225s1712 stk|||| s 00||||eng d
005 20260407193746.4
035 |a (CStRLIN)ESTCT95137 
040 |a Uk-ES  |c Uk-ES  |d Cu-RivES  |d CStRLIN  |d Thomson Gale  |d UtOrBLW 
100 1 |a Donaldson, James,  |d active 1697-1713. 
245 1 2 |a A panegyrick upon the mysterious art of malting and brewing. By Ja. Donaldson. 
264 3 |a Edinburgh :  |b printed by John Moncur,  |c 1712. 
300 |a 11, 1 unnumbered page ;  |c 4⁰. 
336 |a text  |b txt  |2 rdacontent 
337 |a computer  |b c  |2 rdamedia 
338 |a online resource  |b cr  |2 rdacarrier 
500 |a Reproduction of original from the British Library. 
510 4 |a Foxon,  |c D402 
510 4 |a English Short Title Catalog,  |c ESTCT95137. 
533 |a Electronic reproduction.  |b Farmington Hills, Mich. :  |c Thomson Gale,  |d 2003.  |n Available via the World Wide Web.  |n Access limited by licensing agreements  |7 s2003 miunns 
500 |a Electronic resource. 
830 0 |a Eighteenth century collections online. 
856 4 0 |u http://proxy.library.tamu.edu/login?url=https://galenet.galegroup.com/servlet/ECCO?c=1&stp=Author&ste=11&af=BN&ae=T095137&tiPG=1&dd=0&dc=flc&docNum=CW115385360&vrsn=1.0&srchtp=a&d4=0.33&n=10&SU=0LRK&locID=txshracd2898  |z Full text online  |t 0 
999 |a MARS 
999 f f |s ad845655-0be4-3c66-a242-0193c2b18377  |i 49d0ce6b-1d63-3fb7-b962-2672f5de5b7c  |t 0 
952 f f |a Texas A&M University  |b College Station  |c Electronic Resources  |s www_evans  |d Available Online  |t 0  |h No information provided 
998 f f |t 0  |l Available Online